书目信息 |
| 题名: |
现代控制论基础
|
|
| 作者: | 王翼 , 王秀峰(编著) | |
| 分册: | ||
| 出版信息: | 北京 高等教育出版社 1995.10 |
|
| 页数: | 568页 | |
| 开本: | 32开 | |
| 丛书名: | ||
| 单 册: | ||
| 中图分类: | O23 | |
| 科图分类: | ||
| 主题词: | 控制论--数学理论 , 信息论--数学理论 | |
| 电子资源: | ||
| ISBN: | 7-04-005378-0 | |
| 000 | 00629nam0 2200217 45 | |
| 001 | 0105151596 | |
| 005 | 20031219104049.6 | |
| 010 | @a7-04-005378-0@dCNY15.05 | |
| 100 | @a20010515d1995 km y0chiy0120 ea | |
| 101 | 0 | @achi |
| 105 | @a z 000yy | |
| 200 | 1 | @a现代控制论基础@AXian Dai Kong Zhi Lun Ji Chu@f王翼,王秀峰[编著]@FWang Yi,Wang Xiu Feng[Bian Zhu] |
| 210 | @a北京@c高等教育出版社@d1995.10 | |
| 215 | @a568页@d32开 | |
| 606 | 0 | @a控制论@x数学理论 |
| 606 | 0 | @a信息论@x数学理论 |
| 690 | @aO23@v4 | |
| 701 | @a王翼 | |
| 701 | 0 | @a王秀峰(编著) |
| 801 | @aCN@bTSTC@c20010515 | |
| 905 | @a213230@f3@b296918-920@dO23@e17 | |
| 现代控制论基础/王翼,王秀峰[编著].-北京:高等教育出版社,1995.10 |
| 568页;32开 |
| ISBN 7-04-005378-0:CNY15.05 |
| ● |
| 相关链接 |
|
|
|
|
正题名:现代控制论基础
索取号:O23/17
 
预约/预借
| 序号 | 登录号 | 条形码 | 馆藏地/架位号 | 状态 | 备注 |
| 1 | 0296918 | 202969181 | 第三借阅区/ [索取号:O23/17] | 在馆 | |
| 2 | 0296919 | 202969190 | 第三借阅区/ [索取号:O23/17] | 在馆 | |
| 3 | 0296920 | 202969207 | 第三借阅区/ [索取号:O23/17] | 在馆 |